Možnosti využitia sociálnych sietí v marketingovej komunikácii podniku bakalárska práca

Enregistré dans:
Détails bibliographiques
Auteur principal: Svítková, Mária
Collectivité auteur: Obchodná fakulta EU. Katedra marketingu
Autres auteurs: Miklošík, Andrej
Format: Livre
Langue:slovaque
Publié: Bratislava 2015
Tags: Ajouter un tag
Pas de tags, Soyez le premier à ajouter un tag!

MARC

LEADER 00000nbm a2200000 4500
001 0203137
005 20161212104925.3
041 0 |a slo 
044 |a SK 
245 1 0 |a Možnosti využitia sociálnych sietí v marketingovej komunikácii podniku  |b bakalárska práca  |c Mária Svítková ; školiteľ: Andrej Miklošík 
264 1 |a Bratislava  |c 2015 
300 |a 49 s. 
100 1 |a Svítková, Mária 
700 1 |a Miklošík, Andrej 
710 2 |a Obchodná fakulta EU. Katedra marketingu